Sector externo 1978-1981

Сохранить в:
Библиографические подробности
Соавтор: Banco de Guatemala
Формат: Текст
Опубликовано: Guatemala: Banco de Guatemala
Метки: Добавить метку
Нет меток, Требуется 1-ая метка записи!

MARC

LEADER 00000 a a2200000 04500
001 23164
003
040 |a CRAI/IIS  |c CRAI/IIS 
090 |a 160000  
110 |a Banco de Guatemala  
245 |a Sector externo 1978-1981  
260 |a Guatemala:   |b Banco de Guatemala  
300 |a 28 p.   |b **no definido**   |b fonodiscos  
999 |c 17796  |d 17796